Los antepasados /

Сохранить в:
Библиографические подробности
Главный автор: Bremer, Mary Ann Clark (autor)
Формат:
Язык:испанский
Опубликовано: Cáceres, España : Periférica, 2016, c2016
Серии:(Largo Recorrido ; 103)
Предметы:
Метки: Добавить метку
Нет меток, Требуется 1-ая метка записи!

MARC

LEADER 00000nam^a2200000^a^4500
001 000410590
005 20250521000000.0
009 20260310122050.895
020 |a 978-84-16291-34-2 
037 |a Acervo ITESO - Biblioteca 
041 |a ESP 
082 |a 813.  |b BRE V. 3 
100 |a Bremer, Mary Ann Clark  |e (autor) 
245 1 5 |a Los antepasados /  |c M.A.C. Bremer ; tr. por Hugo Bachelli. 
264 4 |a Cáceres, España :  |b Periférica,  |c 2016, c2016 
300 |a 78 p. 
336 |a texto  |b txt  |2 rdacontenido 
337 |a sin mediación  |b n  |2 rdamedio 
338 |a volumen  |b nc  |2 rdasoporte 
440 1 |a (Largo Recorrido ;  |v 103) 
500 |a Traducción de: Notebooks III. The Ancestors 
521 |a FIL 2018 DIA 
649 |a XX 
650 |a Mujeres Norteamericanas -  |x Memorias 
650 |a Familia en la Literatura 
650 |a Novela Norteamericana 
650 |a Autobiografías Norteamericanas 
650 |a Historias de Familia -  |z EUA 
650 |a Literatura Autobiográfica -  |z EUA 
650 |a Literatura de Mujeres -  |z EUA 
650 |a Literatura Norteamericana -  |y Siglo XX 
650 |a Migración -  |z EUA-Europa -  |x Historia 
650 |a Europa en la Literatura 
650 |a Bremer, Mary Ann Clark 
910 |a Fondo General 
920 |a Impresos - Libros 
930 |a Colección General 
940 |a Literatura 
905 |a 101 
901 |a 0500311701  |b IT1  |c LIT  |i C161643  |u 20250521 
902 |a https://opac.biblio.iteso.mx/vufind/Record/000410590